000 00745nam a2200229Ia 4500
001 8635
003 GE_BSU
008 181216s||||||||xx |||||||||||||| ||und||
040 _cGE_BSU
080 _a821.353.1-1
100 _aთებიძე, რეზო
245 _aხნულში ჩამდგარი მზე
245 _bლექსები
245 _cრედ.: ზ.ფირცხალაიშვილი; მხატვ.: თ. დიასამიძე
260 _aბათუმი
260 _bსაბჭ. აჭარა
260 _c1979
300 _a50 გვ; 16 სმ
653 _aლექსები
653 _aხნულში ჩამდგარი მზე
942 _cBK
999 _c41951
_d41951